000 00295nam a22001337a 4500
008 170622b xxu||||| |||| 00| 0 eng d
020 _a9780195050004
041 _aeng
080 _a94(4)
100 _a16
101 _aSHH
245 _aEVERYDAY STALINISM
_cFITZPATRICK,SH
942 _2udc
_cBK
999 _c18627
_d18627